Instructional media and the new technologies of instruction / (Record no. 12033)
[ view plain ]
| 000 -LEADER | |
|---|---|
| fixed length control field | 00748nam a22002292 4500 |
| 001 - CONTROL NUMBER | |
| control field | 0000009692 |
| 005 - DATE AND TIME OF LATEST TRANSACTION | |
| control field | 20151217155218.0 |
| 008 - FIXED-LENGTH DATA ELEMENTS--GENERAL INFORMATION | |
| fixed length control field | 081117s xx 000 0 eng d |
| 020 ## - INTERNATIONAL STANDARD BOOK NUMBER | |
| International Standard Book Number | 0023528907 : |
| 040 ## - CATALOGING SOURCE | |
| Original cataloging agency | KABU |
| Transcribing agency | KABU |
| 100 1# - MAIN ENTRY--PERSONAL NAME | |
| Personal name | Heinich, Robert. |
| -- | 0000161430 |
| 245 10 - TITLE STATEMENT | |
| Title | Instructional media and the new technologies of instruction / |
| Statement of responsibility, etc. | Robert Heinich, Michael Molenda, James D. Russell. |
| 250 ## - EDITION STATEMENT | |
| Edition statement | 2nd ed. |
| 260 ## - PUBLICATION, DISTRIBUTION, ETC. (IMPRINT) | |
| Place of publication, distribution, etc. | New York : |
| Name of publisher, distributor, etc. | Macmillan, |
| Date of publication, distribution, etc. | 1985. |
| 300 ## - PHYSICAL DESCRIPTION | |
| Extent | xiv, 414 p. |
| 650 #0 - SUBJECT ADDED ENTRY--TOPICAL TERM | |
| Topical term or geographic name as entry element | Educational technology. |
| -- | 0000153550 |
| 700 1# - ADDED ENTRY--PERSONAL NAME | |
| Personal name | Molenda, Michael. |
| -- | 0000161431 |
| 700 1# - ADDED ENTRY--PERSONAL NAME | |
| Personal name | Russell, James D. |
| -- | 0000161432 |
| 852 1# - LOCATION | |
| -- | p500 KES |
| 908 ## - PUT COMMAND PARAMETER (RLIN) | |
| Put command parameter | 081117 |
| 950 ## - LOCAL HOLDINGS (RLIN) | |
| -- | 1 |
| Withdrawn status | Lost status | Source of classification or shelving scheme | Not for loan | Home library | Current library | Date acquired | Total Checkouts | Full call number | Barcode | Date last seen | Date last checked out | Price effective from | Koha item type |
|---|---|---|---|---|---|---|---|---|---|---|---|---|---|
| Library of Congress Classification | Kabarak, Main Campus | Kabarak, Main Campus | 17/12/2015 | 1 | LB1028.3 .H45 1985 c. 1 | 15549 | 24/02/2016 | 15/02/2016 | 17/12/2015 | General Collection |